| 000 | 00721nam a2200265 a 4500 | ||
|---|---|---|---|
| 999 |
_c5785 _d5785 |
||
| 001 | 5785 | ||
| 003 | UkOxU | ||
| 005 | 20171221162149.0 | ||
| 008 | 890906s1981 enk 000 0 eng d | ||
| 020 | _a822000520 | ||
| 035 | _a(BD-JhCC)5785 | ||
| 040 |
_aBD-JhCC _dBD-JhCC |
||
| 041 | _aeng | ||
| 082 |
_a822.33 _bROB |
||
| 100 | 1 | _aKiberd, Declan. | |
| 245 | 1 | 0 |
_aWilliam Shakespeare : The merchant of Venice, notes / _cby Declan Kiberd |
| 260 |
_aLondon : _bLongman, _c1981 |
||
| 300 |
_a99 p ; _c21 cm |
||
| 490 | 1 |
_aYork notes ; _v107 |
|
| 500 | _aBibliography: p. 76 | ||
| 600 | 1 | 0 |
_aShakespeare, William, _d1564-1616. _tMerchant of Venice. |
| 830 | 0 |
_aYork notes ; _v107. |
|
| 942 |
_2ddc _cBK |
||